| 000 | 00816cam a22002413a 4500 | ||
|---|---|---|---|
| 001 | 31016 | ||
| 003 | PGUSA | ||
| 005 | 20140828083654.0 | ||
| 008 | 100118s2010||||xxu|||||s|||||000 | eng d | ||
| 040 |
_aPGUSA _beng |
||
| 042 | _adc | ||
| 050 | 4 | _aZ | |
| 245 | 1 | 0 |
_aCatalogue of the Books Presented by Edward Capell to the Library of Trinity College in Cambridge _h[electronic resource] |
| 260 |
_bProject Gutenberg, _c2010 |
||
| 506 | _aPublic domain in the USA. | ||
| 516 | _aElectronic text | ||
| 653 | _aShakespeare, William, 1564-1616 -- Bibliography -- Catalogs | ||
| 653 | _aTrinity College (University of Cambridge). Library -- Catalogs | ||
| 700 | 1 |
_aGreg, W. W. _q(Walter Wilson), _d1875-1959 |
|
| 830 | 0 |
_aProject Gutenberg _v31016 |
|
| 856 | 4 | 0 | _uhttp://www.gutenberg.org/ebooks/31016 |
| 942 | _cEB | ||
| 999 |
_c260271 _d260271 |
||